مكتبة جامعة عجلون الوطنية

فهرس بحث المكتبة

المنتجات الغذائية الحيوانية : اساسيات انتاجها وحفظها وفوائدها (Record no. 33741)

MARC details
000 -LEADER
fixed length control field 00832nam a22002057a 4500
003 - CONTROL NUMBER IDENTIFIER
control field JO-AjAnu
005 - DATE AND TIME OF LATEST TRANSACTION
control field 20241019100811.0
008 - FIXED-LENGTH DATA ELEMENTS--GENERAL INFORMATION
fixed length control field 241019b jo ||||| |||| 00| 0 ara d
020 ## - INTERNATIONAL STANDARD BOOK NUMBER
International Standard Book Number 978-9933-18-651-7
040 ## - CATALOGING SOURCE
Transcribing agency JO-AjAnu
041 ## - LANGUAGE CODE
Language code of original ARA
100 ## - MAIN ENTRY--PERSONAL NAME
Personal name سيرفينكو، يارو سلاف
Relator term مؤلف
9 (RLIN) 66281
245 ## - TITLE STATEMENT
Title المنتجات الغذائية الحيوانية : اساسيات انتاجها وحفظها وفوائدها
Statement of responsibility, etc. / يارو سلاف سيرفينكو
260 ## - PUBLICATION, DISTRIBUTION, ETC.
Place of publication, distribution, etc. دمشق :
Name of publisher, distributor, etc. دار غلاء الدين للنشر والطباعة والتوزيع،
Date of publication, distribution, etc. 2018
300 ## - PHYSICAL DESCRIPTION
Extent 381 صفحة
500 ## - GENERAL NOTE
General note يحتوي هذا الكتاب على صور وجداول
650 ## - SUBJECT ADDED ENTRY--TOPICAL TERM
Form subdivision الصناعات الغذائية
700 ## - ADDED ENTRY--PERSONAL NAME
Personal name طه الشيخ حسن
Relator term معد ومترجم
9 (RLIN) 66285
942 ## - ADDED ENTRY ELEMENTS (KOHA)
Source of classification or shelving scheme Library of Congress Classification
Koha item type Books
Suppress in OPAC No
Holdings
Withdrawn status Lost status Source of classification or shelving scheme Damaged status Not for loan Home library Current library Date acquired Total Checkouts Full call number Barcode Date last seen Price effective from Koha item type
    Library of Congress Classification     مكتبة جامعة عجلون الوطنية مكتبة جامعة عجلون الوطنية 19/10/2024   TX601.2018 A30092 19/10/2024 19/10/2024 Books